Οικονομία και δίκαιο : κοινωνιολογία του δικαίου

Αποθηκεύτηκε σε:
Λεπτομέρειες βιβλιογραφικής εγγραφής
Κύριος συγγραφέας: Weber, Max, 1864-1920
Άλλοι συγγραφείς: Κυπραίος, Μιχάλης Γ. (Μεταφραστής)
Μορφή: Βιβλίο
Γλώσσα:Greek
German
Δημοσίευση: Αθήνα : Σάκκουλας, 1979.
Σειρά:Βιβλιοθήκη κοινωνικών επιστημών
Θέματα:
Ετικέτες: Προσθήκη ετικέτας
Δεν υπάρχουν, Καταχωρήστε ετικέτα πρώτοι!

MARC

LEADER 00000cam a2200000 i 4500
001 1/68015
008 950519s1979 gr | ||| |||| ||gre||
035 |a ΠΑΡ-1997  |b 04/04  |c ΡΟΥΜΕΛΙΩΤΗΣ  |l 10030116 
040 |a GR-MY-UA  |b gre  |e aacr 
041 1 |a gre  |h ger 
082 7 |a 306.2   |2 (22) 
100 1 |a Weber, Max,   |d 1864-1920. 
245 1 0 |a Οικονομία και δίκαιο :   |b κοινωνιολογία του δικαίου /   |c Max Weber ; μετάφραση: Μιχ. Γ. Κυπραίου.  
260 |a Αθήνα :   |b Σάκκουλας,   |c 1979.  
300 |a xxxix, 309 σ. ;   |c 21 εκ.  
490 1 |a (Βιβλιοθήκη κοινωνικών επιστημών)  
500 |a Μετάφραση του: Wirtschaft und Gesellschaft.  
650 0 0 |a Sociological jurisprudence. 
700 1 |a Κυπραίος, Μιχάλης Γ.  |e trl 
830 0 |a Βιβλιοθήκη κοινωνικών επιστημών 
852 |a INST  |b CHIOS  |e 19960506  |h 306.2 WEB  |p 005200000253  |q 005200000253  |t BK  |y 0 
852 |a INST  |b CHIOS  |e 19960222  |h 306.2 WEB  |p 005200006156  |q 005200006156  |t BK  |y 0 
852 |a INST  |b LESVOS  |e 19950519  |h 306.2 WEB  |p 005100004830  |q 005100004830  |t BK  |y 0 
909 |a Χ  |b 018578 
909 |a Λ  |b 018415 
909 |a Χ  |b 002014 
970 |z 1995/05